[Event "Baku Chess Olympiad | Open"]
[Site "chess24.com"]
[Date "2016.09.13"]
[Round "11"]
[White "Luukkonen, Tommi"]
[Black "Sezdbekov, Ruslan"]
[Result "1/2-1/2"]
[Board "4"]
[WhiteID "501808"]
[WhiteElo "2354"]
[WhiteTitle "FM"]
[WhiteCountry "FIN"]
[WhiteFideId "501808"]
[WhiteEloChange "-6"]
[BlackID "13801856"]
[BlackElo "2127"]
[BlackTitle "CM"]
[BlackCountry "KGZ"]
[BlackFideId "13801856"]
[BlackEloChange "6"]

1. d4 {[%clk 1:30:52]} Nf6 {[%clk 1:30:53]} 2. c4 {[%clk 1:31:18]} e6 {[%clk
1:31:14]} 3. Nc3 {[%clk 1:31:41]} d5 {[%clk 1:31:38]} 4. cxd5 {[%clk 1:32:07]}
exd5 {[%clk 1:31:37]} 5. Bg5 {[%clk 1:31:37]} Be7 {[%clk 1:31:10]} 6. e3 {[%clk
1:31:47]} O-O {[%clk 1:30:47]} 7. Bd3 {[%clk 1:31:52]} c6 {[%clk 1:29:06]} 8. Qc2
{[%clk 1:28:08]} h6 {[%clk 1:29:14]} 9. Bh4 {[%clk 1:27:36]} Re8 {[%clk 1:28:44]}
10. Nge2 {[%clk 1:26:05]} Ne4 {[%clk 1:19:14]} 11. Bxe7 {[%clk 1:25:14]} Qxe7
{[%clk 1:19:29]} 12. O-O {[%clk 1:19:17]} Nd7 {[%clk 1:16:51]} 13. Nf4 {[%clk
1:13:19]} Ndf6 {[%clk 1:15:18]} 14. Rfe1 {[%clk 1:04:14]} Bd7 {[%clk 1:14:09]}
15. Rab1 {[%clk 0:59:32]} Rac8 {[%clk 1:03:59]} 16. f3 {[%clk 0:55:27]} Nxc3
{[%clk 1:01:19]} 17. bxc3 {[%clk 0:55:50]} g5 {[%clk 1:00:24]} 18. Nh3 {[%clk
0:55:10]} Bxh3 {[%clk 0:57:59]} 19. gxh3 {[%clk 0:55:33]} c5 {[%clk 0:55:53]} 20.
Bf5 {[%clk 0:48:37]} Rc7 {[%clk 0:48:36]} 21. Qd2 {[%clk 0:46:40]} Qd6 {[%clk
0:43:52]} 22. h4 {[%clk 0:45:52]} Nh5 {[%clk 0:36:38]} 23. hxg5 {[%clk 0:38:20]}
hxg5 {[%clk 0:36:43]} 24. Qg2 {[%clk 0:38:31]} Qf6 {[%clk 0:36:06]} 25. Qh3
{[%clk 0:37:20]} Ng7 {[%clk 0:31:20]} 26. Bd3 {[%clk 0:36:08]} Ne6 {[%clk
0:28:27]} 27. Kh1 {[%clk 0:35:04]} Kg7 {[%clk 0:25:26]} 28. Qg3 {[%clk 0:31:50]}
cxd4 {[%clk 0:19:28]} 29. cxd4 {[%clk 0:32:11]} Rc3 {[%clk 0:18:56]} 30. Bf1
{[%clk 0:32:14]} b6 {[%clk 0:15:57]} 31. Bg2 {[%clk 0:30:29]} Rh8 {[%clk
0:11:59]} 32. Rb5 {[%clk 0:27:20]} Nc7 {[%clk 0:10:12]} 33. Rb3 {[%clk 0:25:34]}
Rc2 {[%clk 0:08:04]} 34. a4 {[%clk 0:23:09]} Rh5 {[%clk 0:05:53]} 35. f4 {[%clk
0:20:35]} Ne6 {[%clk 0:04:26]} 36. a5 {[%clk 0:20:21]} Kh7 {[%clk 0:02:59]} 37.
f5 {[%clk 0:19:29]} Ng7 {[%clk 0:02:07]} 38. axb6 {[%clk 0:18:37]} axb6 {[%clk
0:02:32]} 39. Rf1 {[%clk 0:18:45]} Rh4 {[%clk 0:01:18]} 40. Qe5 {[%clk 0:46:50]}
Qxe5 {[%clk 0:30:35]} 41. dxe5 {[%clk 0:47:13]} Nh5 {[%clk 0:27:17]} 42. e4
{[%clk 0:39:56]} dxe4 {[%clk 0:26:59]} 43. e6 {[%clk 0:40:10]} Kg7 {[%clk
0:21:45]} 44. e7 {[%clk 0:38:39]} Nf6 {[%clk 0:21:56]} 45. Rxb6 {[%clk 0:37:55]}
Rh8 {[%clk 0:22:04]} 46. Rb7 {[%clk 0:32:58]} Rc5 {[%clk 0:20:46]} 47. Rd1 {[%clk
0:31:10]} Re8 {[%clk 0:19:14]} 48. h4 {[%clk 0:28:53]} Rxf5 {[%clk 0:16:40]} 49.
Bxe4 {[%clk 0:06:46]} Nxe4 {[%clk 0:12:47]} 50. Rd8 {[%clk 0:07:04]} Nf6 {[%clk
0:12:43]} 51. Rxe8 {[%clk 0:07:18]} Nxe8 {[%clk 0:12:53]} 52. Rb8 {[%clk
0:07:42]} Nd6 {[%clk 0:11:44]} 53. hxg5 {[%clk 0:05:55]} Rxg5 {[%clk 0:10:27]}
54. e8Q {[%clk 0:06:11]} Nxe8 {[%clk 0:10:47]} 55. Rxe8 {[%clk 0:06:38]} Kf6
{[%clk 0:10:52]} 56. Re2 {[%clk 0:06:40]} Rg4 {[%clk 0:07:14]} 57. Kh2 {[%clk
0:06:37]} Kg5 {[%clk 0:07:10]} 58. Ra2 {[%clk 0:06:03]} f6 {[%clk 0:06:46]} 59.
Rb2 {[%clk 0:06:16]} Kf5 {[%clk 0:06:04]} 60. Rb5+ {[%clk 0:06:31]} Kf4 {[%clk
0:05:28]} 61. Rb4+ {[%clk 0:06:53]} Kf3 {[%clk 0:05:29]} 62. Rb3+ {[%clk
0:07:17]} Kf4 {[%clk 0:05:06]} 63. Rb4+ {[%clk 0:07:42]} Kg5 {[%clk 0:05:29]} 64.
Rb2 {[%clk 0:07:39]} f5 {[%clk 0:05:53]} 65. Ra2 {[%clk 0:07:55]} Rh4+ {[%clk
0:05:50]} 66. Kg2 {[%clk 0:08:15]} Kg4 {[%clk 0:05:06]} 67. Ra8 {[%clk 0:07:44]}
Rh5 {[%clk 0:04:47]} 68. Rg8+ {[%clk 0:07:04]} Kf4 {[%clk 0:04:58]} 69. Ra8
{[%clk 0:07:13]} Rg5+ {[%clk 0:04:48]} 70. Kf2 {[%clk 0:07:33]} Kg4 {[%clk
0:05:12]} 71. Ra4+ {[%clk 0:07:30]} f4 {[%clk 0:05:33]} 72. Ra8 {[%clk 0:07:33]}
1/2-1/2

[Event "Baku Chess Olympiad | Open"]
[Site "chess24.com"]
[Date "2016.09.13"]
[Round "11"]
[White "Mandizha, Farai"]
[Black "Fawzy, Adham"]
[Result "0-1"]
[Board "2"]
[WhiteID "11000430"]
[WhiteElo "2357"]
[WhiteTitle "IM"]
[WhiteCountry "ZIM"]
[WhiteFideId "11000430"]
[WhiteEloChange "-7"]
[BlackID "10613129"]
[BlackElo "2451"]
[BlackTitle "IM"]
[BlackCountry "EGY"]
[BlackFideId "10613129"]
[BlackEloChange "4"]

1. e4 {[%clk 1:30:38]} c5 {[%clk 1:30:47]} 2. Nf3 {[%clk 1:31:02]} Nc6 {[%clk
1:31:10]} 3. Bb5 {[%clk 1:30:40]} g6 {[%clk 1:31:33]} 4. Bxc6 {[%clk 1:29:09]}
dxc6 {[%clk 1:31:50]} 5. h3 {[%clk 1:29:20]} Bg7 {[%clk 1:32:15]} 6. d3 {[%clk
1:29:03]} Nf6 {[%clk 1:32:35]} 7. Nc3 {[%clk 1:28:55]} O-O {[%clk 1:32:22]} 8.
Be3 {[%clk 1:28:47]} b6 {[%clk 1:32:47]} 9. Qd2 {[%clk 1:28:48]} e5 {[%clk
1:33:12]} 10. O-O {[%clk 1:22:27]} Re8 {[%clk 1:31:43]} 11. Bh6 {[%clk 1:19:53]}
Nh5 {[%clk 1:27:11]} 12. Ne2 {[%clk 1:14:34]} Qf6 {[%clk 1:18:04]} 13. Bg5 {[%clk
1:09:59]} Qd6 {[%clk 1:18:03]} 14. g4 {[%clk 0:59:47]} Nf6 {[%clk 1:16:43]} 15.
Ng3 {[%clk 0:59:21]} Nd7 {[%clk 1:07:39]} 16. Bh6 {[%clk 0:56:01]} Nf8 {[%clk
1:06:58]} 17. Bxg7 {[%clk 0:52:48]} Kxg7 {[%clk 1:07:17]} 18. Nh4 {[%clk
0:53:05]} Kg8 {[%clk 0:49:51]} 19. Qh6 {[%clk 0:29:00]} Ne6 {[%clk 0:44:41]} 20.
Nhf5 {[%clk 0:24:54]} Qf8 {[%clk 0:41:32]} 21. Qxf8+ {[%clk 0:18:16]} Kxf8 {[%clk
0:41:39]} 22. Nd6 {[%clk 0:18:43]} Rd8 {[%clk 0:41:40]} 23. Nc4 {[%clk 0:19:11]}
f6 {[%clk 0:26:29]} 24. Ne2 {[%clk 0:17:14]} g5 {[%clk 0:26:51]} 25. a3 {[%clk
0:17:36]} Nd4 {[%clk 0:23:59]} 26. Nxd4 {[%clk 0:17:50]} cxd4 {[%clk 0:24:26]}
27. Kg2 {[%clk 0:17:44]} h5 {[%clk 0:24:05]} 28. f3 {[%clk 0:13:07]} Ke7 {[%clk
0:24:11]} 29. Rh1 {[%clk 0:13:14]} h4 {[%clk 0:22:09]} 30. Rhc1 {[%clk 0:12:32]}
Be6 {[%clk 0:22:21]} 31. Nd2 {[%clk 0:12:59]} a5 {[%clk 0:19:48]} 32. a4 {[%clk
0:12:28]} b5 {[%clk 0:19:48]} 33. Kf2 {[%clk 0:12:28]} Rdb8 {[%clk 0:16:41]} 34.
axb5 {[%clk 0:10:28]} cxb5 {[%clk 0:13:17]} 35. Ke2 {[%clk 0:07:24]} a4 {[%clk
0:12:14]} 36. b4 {[%clk 0:05:35]} a3 {[%clk 0:08:55]} 37. Nb3 {[%clk 0:05:35]} a2
{[%clk 0:07:18]} 38. Nc5 {[%clk 0:05:42]} Bg8 {[%clk 0:07:19]} 39. Kd2 {[%clk
0:05:29]} Ra3 {[%clk 0:07:47]} 40. Rf1 {[%clk 0:34:47]} Rba8 {[%clk 0:37:44]} 41.
Kc1 {[%clk 0:35:06]} Rc3 {[%clk 0:36:20]} 42. Kb2 {[%clk 0:35:25]} Rxc5 {[%clk
0:29:12]} 43. bxc5 {[%clk 0:35:54]} b4 {[%clk 0:29:25]} 44. Rf2 {[%clk 0:34:41]}
Be6 {[%clk 0:29:08]} 45. Rd2 {[%clk 0:31:34]} Kd7 {[%clk 0:28:51]} 46. Rc1 {[%clk
0:28:57]} Ra5 {[%clk 0:27:26]} 47. Ra1 {[%clk 0:29:23]} Kc6 {[%clk 0:27:38]} 48.
Rf2 {[%clk 0:29:49]} Kxc5 {[%clk 0:27:54]} 49. Rd2 {[%clk 0:30:06]} Ra3 {[%clk
0:27:08]} 50. Rf2 {[%clk 0:29:14]} Rc3 {[%clk 0:27:04]} 51. Rd2 {[%clk 0:28:53]}
b3 {[%clk 0:24:13]} 52. Rad1 {[%clk 0:20:24]} bxc2 {[%clk 0:16:25]} 53. Rxc2
{[%clk 0:20:50]} Kb4 {[%clk 0:16:46]} 54. Rcd2 {[%clk 0:20:59]} Ra3 {[%clk
0:16:23]} 55. Rc1 {[%clk 0:17:33]} Rb3+ {[%clk 0:13:29]} 56. Ka1 {[%clk 0:17:54]}
Rc3 {[%clk 0:13:56]} 57. Rf1 {[%clk 0:11:40]} Ka3 {[%clk 0:14:09]} 58. Rh1 {[%clk
0:11:53]} Bb3 {[%clk 0:14:27]} 59. Rg1 {[%clk 0:10:38]} Rc2 {[%clk 0:13:43]} 60.
Rxc2 {[%clk 0:09:26]} Bxc2 {[%clk 0:14:05]} 61. f4 {[%clk 0:06:26]} exf4 {[%clk
0:12:17]} 62. Re1 {[%clk 0:06:14]} Kb4 {[%clk 0:12:07]} 63. e5 {[%clk 0:05:30]}
fxe5 {[%clk 0:12:32]} 64. Rxe5 {[%clk 0:05:56]} Bxd3 {[%clk 0:12:53]} 65. Rxg5
{[%clk 0:05:17]} f3 {[%clk 0:13:00]} 66. Rg8 {[%clk 0:05:44]} f2 {[%clk 0:13:13]}
67. Rf8 {[%clk 0:06:12]} f1Q+ {[%clk 0:13:31]} 0-1

[Event "Baku Chess Olympiad | Open"]
[Site "chess24.com"]
[Date "2016.09.13"]
[Round "11"]
[White "Chimbamu, Elisha"]
[Black "Hesham, Abdelrahman"]
[Result "0-1"]
[Board "4"]
[WhiteID "11000449"]
[WhiteElo "2114"]
[WhiteCountry "ZIM"]
[WhiteFideId "11000449"]
[WhiteEloChange "-3"]
[BlackID "10600183"]
[BlackElo "2419"]
[BlackTitle "GM"]
[BlackCountry "EGY"]
[BlackFideId "10600183"]
[BlackEloChange "1"]

1. d4 {[%clk 1:30:56]} d5 {[%clk 1:30:46]} 2. Nf3 {[%clk 1:31:20]} Nf6 {[%clk
1:31:10]} 3. g3 {[%clk 1:31:38]} e6 {[%clk 1:31:23]} 4. Bg2 {[%clk 1:32:04]} Be7
{[%clk 1:31:49]} 5. O-O {[%clk 1:32:18]} O-O {[%clk 1:32:15]} 6. c4 {[%clk
1:32:43]} dxc4 {[%clk 1:28:11]} 7. Qa4 {[%clk 1:33:04]} a6 {[%clk 1:25:54]} 8.
Qxc4 {[%clk 1:33:26]} b5 {[%clk 1:26:21]} 9. Qc2 {[%clk 1:33:42]} Bb7 {[%clk
1:26:47]} 10. Bf4 {[%clk 1:34:00]} Nc6 {[%clk 1:19:08]} 11. Rd1 {[%clk 1:29:27]}
Nb4 {[%clk 1:14:29]} 12. Qc1 {[%clk 1:23:08]} Nbd5 {[%clk 1:11:48]} 13. Nc3
{[%clk 1:04:35]} Rc8 {[%clk 1:06:06]} 14. Ne5 {[%clk 0:48:30]} c5 {[%clk
1:02:23]} 15. Nxd5 {[%clk 0:43:54]} Nxd5 {[%clk 0:56:09]} 16. dxc5 {[%clk
0:38:41]} Bxc5 {[%clk 0:54:53]} 17. Qd2 {[%clk 0:37:55]} Bb4 {[%clk 0:35:33]} 18.
Qd3 {[%clk 0:35:21]} f6 {[%clk 0:30:31]} 19. Nf3 {[%clk 0:32:42]} Nxf4 {[%clk
0:30:32]} 20. gxf4 {[%clk 0:33:07]} Qxd3 {[%clk 0:30:52]} 21. Rxd3 {[%clk
0:33:00]} Rfd8 {[%clk 0:18:41]} 22. Rad1 {[%clk 0:24:01]} Rxd3 {[%clk 0:18:50]}
23. Rxd3 {[%clk 0:24:23]} Rc1+ {[%clk 0:17:22]} 24. Bf1 {[%clk 0:24:52]} Bd5
{[%clk 0:17:34]} 25. a3 {[%clk 0:24:10]} Bd6 {[%clk 0:12:03]} 26. f5 {[%clk
0:15:56]} Bc5 {[%clk 0:09:40]} 27. Kg2 {[%clk 0:09:27]} Kf7 {[%clk 0:09:40]} 28.
Kg1 {[%clk 0:05:47]} g6 {[%clk 0:05:56]} 29. fxe6+ {[%clk 0:05:43]} Bxe6 {[%clk
0:05:58]} 30. Nd2 {[%clk 0:05:35]} Bf5 {[%clk 0:04:57]} 31. Nb3 {[%clk 0:03:37]}
Bxd3 {[%clk 0:03:59]} 32. Nxc1 {[%clk 0:04:04]} Bf5 {[%clk 0:04:21]} 33. Nd3
{[%clk 0:04:19]} Bd6 {[%clk 0:04:00]} 34. Bg2 {[%clk 0:04:13]} Bc8 {[%clk
0:04:18]} 35. Bd5+ {[%clk 0:04:34]} Ke7 {[%clk 0:04:44]} 36. Kg2 {[%clk 0:04:50]}
g5 {[%clk 0:05:04]} 37. e3 {[%clk 0:03:45]} Bc7 {[%clk 0:05:09]} 38. h3 {[%clk
0:03:24]} Kd6 {[%clk 0:05:29]} 39. Bg8 {[%clk 0:03:38]} h6 {[%clk 0:05:48]} 40.
e4 {[%clk 0:33:37]} Bb7 {[%clk 0:35:38]} 41. f3 {[%clk 0:33:00]} Bb6 {[%clk
0:31:21]} 42. Kg3 {[%clk 0:31:18]} Bd4 {[%clk 0:31:11]} 43. b4 {[%clk 0:28:22]}
Bc8 {[%clk 0:22:33]} 44. Bb3 {[%clk 0:22:34]} Bd7 {[%clk 0:22:23]} 45. Ba2 {[%clk
0:21:09]} f5 {[%clk 0:20:02]} 46. Bd5 {[%clk 0:15:44]} fxe4 {[%clk 0:17:47]} 47.
fxe4 {[%clk 0:15:36]} h5 {[%clk 0:18:07]} 48. Kg2 {[%clk 0:10:57]} h4 {[%clk
0:14:50]} 49. Kh2 {[%clk 0:09:36]} g4 {[%clk 0:14:39]} 50. hxg4 {[%clk 0:07:44]}
Bxg4 {[%clk 0:15:04]} 51. Bb7 {[%clk 0:06:56]} Kc7 {[%clk 0:15:16]} 52. Bd5
{[%clk 0:06:48]} Be2 {[%clk 0:15:25]} 53. Nc5 {[%clk 0:06:05]} Bxc5 {[%clk
0:09:45]} 54. bxc5 {[%clk 0:06:34]} Bc4 {[%clk 0:10:14]} 55. Kh3 {[%clk 0:05:10]}
Bxd5 {[%clk 0:10:24]} 56. exd5 {[%clk 0:05:39]} a5 {[%clk 0:10:48]} 57. Kxh4
{[%clk 0:04:39]} b4 {[%clk 0:11:14]} 58. axb4 {[%clk 0:04:26]} axb4 {[%clk
0:11:40]} 59. Kg5 {[%clk 0:03:18]} b3 {[%clk 0:12:06]} 60. Kf6 {[%clk 0:03:30]}
b2 {[%clk 0:12:24]} 61. Ke7 {[%clk 0:03:51]} b1Q {[%clk 0:12:49]} 62. d6+ {[%clk
0:04:13]} Kc6 {[%clk 0:13:15]} 0-1

[Event "Baku Chess Olympiad | Open"]
[Site "chess24.com"]
[Date "2016.09.13"]
[Round "11"]
[White "Bukannan, Ahmed A"]
[Black "Abdelazeez Mohamed Abdalla"]
[Result "0-1"]
[Board "3"]
[WhiteID "21504164"]
[WhiteElo "1890"]
[WhiteCountry "KSA"]
[WhiteFideId "21504164"]
[WhiteEloChange "-3"]
[BlackID "12202576"]
[BlackElo "2183"]
[BlackCountry "SUD"]
[BlackFideId "12202576"]
[BlackEloChange "3"]

1. d4 {[%clk 1:30:55]} Nf6 {[%clk 1:30:26]} 2. Nf3 {[%clk 1:31:06]} e6 {[%clk
1:30:44]} 3. e3 {[%clk 1:30:59]} b6 {[%clk 1:27:55]} 4. Bd3 {[%clk 1:30:47]} Be7
{[%clk 1:27:55]} 5. O-O {[%clk 1:30:46]} Bb7 {[%clk 1:26:18]} 6. c4 {[%clk
1:30:03]} d5 {[%clk 1:25:58]} 7. Nc3 {[%clk 1:29:09]} O-O {[%clk 1:25:47]} 8. b3
{[%clk 1:26:03]} Nbd7 {[%clk 1:23:48]} 9. Bb2 {[%clk 1:24:09]} c5 {[%clk
1:23:02]} 10. Rc1 {[%clk 1:22:13]} Rc8 {[%clk 1:18:16]} 11. Re1 {[%clk 1:18:04]}
Ne4 {[%clk 1:14:57]} 12. Ne5 {[%clk 1:12:08]} f5 {[%clk 1:07:17]} 13. Nxd7 {[%clk
1:02:31]} Qxd7 {[%clk 1:02:16]} 14. Bxe4 {[%clk 0:58:35]} fxe4 {[%clk 1:00:39]}
15. dxc5 {[%clk 0:56:25]} Bxc5 {[%clk 1:00:31]} 16. Re2 {[%clk 0:45:49]} Qf7
{[%clk 0:53:47]} 17. Na4 {[%clk 0:44:15]} Bd6 {[%clk 0:50:26]} 18. Rd2 {[%clk
0:39:42]} Bb4 {[%clk 0:47:17]} 19. Re2 {[%clk 0:37:35]} Ba6 {[%clk 0:45:09]} 20.
a3 {[%clk 0:36:22]} Be7 {[%clk 0:45:04]} 21. Rec2 {[%clk 0:34:30]} dxc4 {[%clk
0:42:30]} 22. bxc4 {[%clk 0:34:43]} Bxc4 {[%clk 0:37:07]} 23. Qe1 {[%clk
0:34:08]} b5 {[%clk 0:36:39]} 24. h3 {[%clk 0:33:01]} Rcd8 {[%clk 0:36:26]} 25.
Rd2 {[%clk 0:31:09]} Rxd2 {[%clk 0:32:08]} 26. Qxd2 {[%clk 0:31:37]} Bh4 {[%clk
0:31:58]} 27. g3 {[%clk 0:30:07]} Bxg3 {[%clk 0:23:36]} 28. fxg3 {[%clk 0:30:29]}
bxa4 {[%clk 0:23:59]} 29. Be5 {[%clk 0:29:27]} Bd3 {[%clk 0:22:29]} 30. Qg2
{[%clk 0:28:02]} Qf5 {[%clk 0:20:47]} 31. Bd4 {[%clk 0:28:17]} a6 {[%clk
0:17:07]} 32. Rc7 {[%clk 0:26:27]} e5 {[%clk 0:17:04]} 33. Bc5 {[%clk 0:25:38]}
Rb8 {[%clk 0:12:38]} 34. Re7 {[%clk 0:24:24]} h6 {[%clk 0:10:29]} 35. g4 {[%clk
0:22:37]} Qf3 {[%clk 0:10:29]} 36. Qxf3 {[%clk 0:20:48]} exf3 {[%clk 0:10:44]}
37. Rxe5 {[%clk 0:20:57]} Rb2 {[%clk 0:09:31]} 38. Re8+ {[%clk 0:21:02]} Kh7
{[%clk 0:09:22]} 39. Rf8 {[%clk 0:21:18]} Rg2+ {[%clk 0:09:41]} 40. Kh1 {[%clk
0:51:41]} Be4 {[%clk 0:39:57]} 41. g5 {[%clk 0:50:20]} f2 {[%clk 0:39:47]} 42.
gxh6 {[%clk 0:50:08]} Rg1+ {[%clk 0:39:52]} 43. Kh2 {[%clk 0:50:37]} f1Q {[%clk
0:40:07]} 44. Rxf1 {[%clk 0:50:44]} Rxf1 {[%clk 0:40:29]} 45. hxg7 {[%clk
0:51:04]} Kxg7 {[%clk 0:40:45]} 46. Kg3 {[%clk 0:51:25]} Kg6 {[%clk 0:41:09]} 47.
h4 {[%clk 0:51:42]} Kh5 {[%clk 0:41:26]} 48. Bd4 {[%clk 0:51:56]} Rf3+ {[%clk
0:41:47]} 49. Kh2 {[%clk 0:52:12]} Kxh4 {[%clk 0:42:11]} 50. Bc5 {[%clk 0:52:23]}
Rf2+ {[%clk 0:41:52]} 51. Kg1 {[%clk 0:52:46]} Rc2 {[%clk 0:42:10]} 52. Bd6
{[%clk 0:53:06]} Kg4 {[%clk 0:42:06]} 53. Bb4 {[%clk 0:53:10]} Kf3 {[%clk
0:41:27]} 54. Be7 {[%clk 0:53:20]} Bf5 {[%clk 0:41:32]} 55. Bd6 {[%clk 0:53:35]}
Bh3 {[%clk 0:41:44]} 56. Bf4 {[%clk 0:53:50]} Rc1+ {[%clk 0:42:05]} 57. Kh2
{[%clk 0:54:13]} Bg2 {[%clk 0:42:27]} 0-1

[Event "Baku Chess Olympiad | Open"]
[Site "chess24.com"]
[Date "2016.09.13"]
[Round "11"]
[White "Smith, Shreyas"]
[Black "Van den Heever, Donovan"]
[Result "1-0"]
[Board "3"]
[WhiteID "7400713"]
[WhiteElo "2146"]
[WhiteCountry "JAM"]
[WhiteFideId "7400713"]
[WhiteEloChange "13"]
[BlackID "14300494"]
[BlackElo "2247"]
[BlackTitle "IM"]
[BlackCountry "RSA"]
[BlackFideId "14300494"]
[BlackEloChange "-13"]

1. e4 {[%clk 1:30:57]} d6 {[%clk 1:30:51]} 2. Nf3 {[%clk 1:30:44]} Nf6 {[%clk
1:30:54]} 3. Nc3 {[%clk 1:31:07]} c6 {[%clk 1:29:56]} 4. d4 {[%clk 1:31:18]} Bg4
{[%clk 1:27:38]} 5. h3 {[%clk 1:27:40]} Bh5 {[%clk 1:27:01]} 6. g4 {[%clk
1:24:45]} Bg6 {[%clk 1:27:23]} 7. Bd3 {[%clk 1:25:07]} Qc7 {[%clk 1:23:21]} 8. e5
{[%clk 1:19:37]} Bxd3 {[%clk 1:20:49]} 9. Qxd3 {[%clk 1:19:38]} Nd5 {[%clk
1:21:06]} 10. Nxd5 {[%clk 1:09:29]} cxd5 {[%clk 1:21:30]} 11. e6 {[%clk 1:09:55]}
f6 {[%clk 1:16:25]} 12. c3 {[%clk 1:09:40]} Na6 {[%clk 1:11:46]} 13. O-O {[%clk
1:08:46]} O-O-O {[%clk 1:05:37]} 14. Bf4 {[%clk 1:02:08]} Qc6 {[%clk 1:03:46]}
15. a4 {[%clk 1:01:19]} Nc7 {[%clk 1:03:59]} 16. Rfe1 {[%clk 1:01:39]} g6 {[%clk
0:54:44]} 17. b4 {[%clk 0:57:20]} h5 {[%clk 0:49:57]} 18. g5 {[%clk 0:53:58]}
fxg5 {[%clk 0:46:00]} 19. Bxg5 {[%clk 0:53:59]} Bh6 {[%clk 0:45:57]} 20. b5
{[%clk 0:53:44]} Qb6 {[%clk 0:42:34]} 21. Qe3 {[%clk 0:50:55]} Bxg5 {[%clk
0:41:51]} 22. Nxg5 {[%clk 0:51:18]} Rdf8 {[%clk 0:42:03]} 23. Reb1 {[%clk
0:50:22]} Qa5 {[%clk 0:40:31]} 24. Nf7 {[%clk 0:40:07]} Rhg8 {[%clk 0:40:39]} 25.
b6 {[%clk 0:40:09]} axb6 {[%clk 0:40:48]} 26. Rb4 {[%clk 0:40:31]} g5 {[%clk
0:39:12]} 27. Rab1 {[%clk 0:40:41]} b5 {[%clk 0:39:05]} 28. c4 {[%clk 0:35:18]}
dxc4 {[%clk 0:34:15]} 29. Qe4 {[%clk 0:35:38]} d5 {[%clk 0:32:15]} 30. Qe5 {[%clk
0:36:02]} c3 {[%clk 0:19:22]} 31. axb5 {[%clk 0:16:33]} c2 {[%clk 0:12:06]} 32.
b6 {[%clk 0:16:36]} cxb1Q+ {[%clk 0:12:22]} 33. Rxb1 {[%clk 0:16:58]} Qc3 {[%clk
0:12:33]} 34. bxc7 {[%clk 0:16:12]} g4 {[%clk 0:08:48]} 35. Qxd5 {[%clk 0:10:49]}
gxh3+ {[%clk 0:09:06]} 36. Kh2 {[%clk 0:10:33]} Qxc7+ {[%clk 0:06:10]} 37. Kxh3
{[%clk 0:09:50]} Qc6 {[%clk 0:03:04]} 38. Rb5 {[%clk 0:08:38]} Qxd5 {[%clk
0:02:32]} 39. Rxd5 {[%clk 0:09:03]} Rg6 {[%clk 0:02:08]} 40. Rc5+ {[%clk
0:39:08]} Kb8 {[%clk 0:31:41]} 41. Ne5 {[%clk 0:39:29]} Rxe6 {[%clk 0:24:20]} 42.
Nd7+ {[%clk 0:39:49]} Ka7 {[%clk 0:24:48]} 43. Nxf8 {[%clk 0:39:14]} Rd6 {[%clk
0:25:04]} 44. Rxh5 {[%clk 0:37:09]} Rxd4 {[%clk 0:24:52]} 45. Re5 {[%clk
0:37:16]} Ka6 {[%clk 0:19:14]} 46. Ng6 {[%clk 0:36:33]} b5 {[%clk 0:17:53]} 47.
Nxe7 {[%clk 0:36:19]} b4 {[%clk 0:16:53]} 48. Nc6 {[%clk 0:35:12]} Rc4 {[%clk
0:16:52]} 49. Nxb4+ {[%clk 0:33:26]} Rxb4 {[%clk 0:17:19]} 50. Kg3 {[%clk
0:33:30]} Kb6 {[%clk 0:17:33]} 51. Rd5 {[%clk 0:33:02]} Kc6 {[%clk 0:16:48]} 52.
Rd3 {[%clk 0:32:25]} Rb7 {[%clk 0:16:54]} 53. f4 {[%clk 0:31:27]} Rg7+ {[%clk
0:12:26]} 54. Kf3 {[%clk 0:31:41]} Rg1 {[%clk 0:11:49]} 55. f5 {[%clk 0:30:01]}
Rg5 {[%clk 0:06:45]} 56. Kf4 {[%clk 0:30:17]} Rh5 {[%clk 0:06:53]} 1-0